MAA '81 mechanizace a automatizace administrativy

Guardado en:
Detalles Bibliográficos
Formato: Seriadas
Lenguaje:checo
Publicado: Praha Státní nakladatelství technické literatury 1981
Materias:
Etiquetas: Agregar Etiqueta
Sin Etiquetas, Sea el primero en etiquetar este registro!

MARC

LEADER 00000nas2a22000001 4500
001 s123667
005 20250730114222.9
041 0 |a cze 
044 |a CZ 
245 1 0 |a MAA '81  |b mechanizace a automatizace administrativy 
264 1 |a Praha  |b Státní nakladatelství technické literatury  |c 1981 
300 |a 1 zv. 
773 0 |w eu_un_cat*0014889 
610 2 0 |a administratíva 
610 2 0 |a mechanizácia 
610 2 0 |a automatizácia 
610 2 0 |a manažment